| 000 | 00336nam a22001337a 4500 | ||
|---|---|---|---|
| 003 | SGT | ||
| 082 |
_a610.734 _bP21M |
||
| 100 | _aMANIVANNIN, SHYAMALA D. | ||
| 245 | _aPROCEDURE MANUAL COMMUNITY HEALTH NURSING STUDENTS | ||
| 260 |
_aINDIA _bCBS PUB _c2021 |
||
| 300 | _a67 | ||
| 650 | _aCOMMUNITY HEALTH NURSING | ||
| 942 |
_2ddc _cBK _09 |
||
| 999 |
_c21935 _d21935 |
||